[Event "Hessen-ch U14"]
[Site "Bad Homburg"]
[Date "2012.??.??"]
[Round "7"]
[White "Mueller, Michael8888"]
[Black "Fehling, Janek"]
[Result "0-1"]
[WhiteElo "1015"]
[BlackElo "951"]
[PlyCount "70"]
[EventDate "2012.04.??"]
[EventType "swiss"]
[EventRounds "9"]
[EventCountry "GER"]
[SourceTitle "EXT 2015"]
[Source "ChessBase"]
[SourceDate "2014.11.20"]
[SourceVersion "1"]
[SourceVersionDate "2014.11.20"]
[SourceQuality "1"]

1. e4 e5 2. Nf3 Nc6 3. Bc4 Bc5 4. d3 Nf6 5. Nc3 h6 6. Be3 Bxe3 7. fxe3 d6 8. h3 Qe7 9. 0-0 0-0 10. Qe1 Be6 11. Qh4 Bxc4 12. dxc4 Nb4 13. Ne1 Qd8 14. a3 Na6 15. Nd5 Nxd5 16. Qxd8 Raxd8 17. exd5 Nc5 18. b4 Ne4 19. Nf3 Rc8 20. g4 c6 21. Rac1 Nc3 22. Rf2 cxd5 23. cxd5 Nxd5 24. e4 Nc3 25. Nd2 Na2 26. Ra1 Rxc2 27. Nb3 Rxf2 28. Kxf2 Nc3 29. Nd2 Rc8 30. Rc1 Nxe4+ 31. Nxe4 Rxc1 32. Nxd6 Rc3 33. Nb5 Rxh3 34. a4 Rb3 35. Nxa7 Rxb4 0-1